Hướng dẫn giao tiếp tiếng Pháp theo phương pháp mới : 26 bài học bao gồm : Các tình huống khác nhau; các chủ đề đa dạng, thú vị; các mẫu câu đàm thoại gần gũi với cuộc sống và phong tục tập quán Việt Nam

Shranjeno v:
Bibliografske podrobnosti
Glavni avtor: Nguyễn, Thị Ánh Hồng
Format: Knjiga
Jezik:Undetermined
Izdano: Thành phố Hồ Chí Minh Tổng hợp Nxb. Thành phố Hồ Chí Minh 2007
Teme:
Oznake: Označite
Brez oznak, prvi označite!
Thư viện lưu trữ: Trung tâm Học liệu Trường Đại học Cần Thơ
LEADER 01030nam a2200205Ia 4500
001 CTU_194686
008 210402s9999 xx 000 0 und d
082 |a 448.34 
082 |b H455 
100 |a Nguyễn, Thị Ánh Hồng 
245 0 |a Hướng dẫn giao tiếp tiếng Pháp theo phương pháp mới : 
245 0 |b 26 bài học bao gồm : Các tình huống khác nhau; các chủ đề đa dạng, thú vị; các mẫu câu đàm thoại gần gũi với cuộc sống và phong tục tập quán Việt Nam 
245 0 |c Nguyễn Thị Ánh Hồng 
260 |a Thành phố Hồ Chí Minh 
260 |b Tổng hợp Nxb. Thành phố Hồ Chí Minh 
260 |c 2007 
650 |a French language,French language,Pháp ngữ,Pháp ngữ 
650 |x Conversation and phrase books,Spoken French,Đàm thoại và mẫu câu,Nói tiếng Pháp 
904 |i Minh 
980 |a Trung tâm Học liệu Trường Đại học Cần Thơ